[Event "Cacak"]
[Site "Cacak"]
[Date "1996.??.??"]
[Round "4"]
[White "Beliavsky, Alexander G"]
[Black "Hodgson, Julian M"]
[Result "1-0"]
[WhiteElo "2620"]
[BlackElo "2550"]
[Annotator "Chekhov,V"]
[PlyCount "116"]
[EventDate "1996.11.??"]
[EventType "tourn"]
[EventRounds "9"]
[EventCountry "YUG"]
[EventCategory "13"]
[SourceTitle "CBM 057"]
[Source "ChessBase"]
[SourceDate "1997.04.01"]
[SourceVersion "1"]
[SourceVersionDate "1997.04.01"]
[SourceQuality "1"]

1. d4 d5 2. c4 c6 3. Nf3 Nf6 4. Nc3 a6 5. a4 e6 6. g3 dxc4 (6... b6 7. Bg2 Bb7
8. O-O Be7 9. Ne5 Nbd7 10. Nxd7 Nxd7 11. e4 dxc4 12. Qg4 $36 {Kramnik,V-Bareev,
E/Belgrade/1993/1|0/40/}) 7. Bg2 c5 8. O-O Nc6 (8... cxd4 9. Nxd4 Bc5 (9... Be7
10. Nc2 Nbd7 11. Na3 Qc7 12. Qd4 Bxa3 13. Rxa3 e5 14. Qh4 O-O 15. g4 $1 $146 {
Shulman,Y-Botvinnik,I/Minsk/1994/1|0/20/}) 10. Be3 Qe7 11. Nc2 O-O 12. a5 Nc6
13. Na4 Bxe3 14. Nxe3 Rd8 15. Qe1 Nd4 $132 {Kamsky,G-Bareev,E/Linares/1994/0,5/
43/}) 9. dxc5 Qxd1 10. Rxd1 $5 (10. Nxd1 Bxc5 11. Be3 Bb4 12. Rc1 e5 13. Nd2
Bg4 14. f3 Be6 15. Nxc4 O-O $10 {Nilsen,P-Schandorff,L/DEN/1994/0,5/54/}) 10...
Bxc5 11. Bg5 h6 (11... Be7 $5 12. Rac1 (12. Nd4 Na5 $5 $13) 12... h6 13. Be3
$146) 12. Bxf6 gxf6 13. Ne4 Be7 14. Ned2 c3 (14... Na5 15. Rac1 Bd7 16. Nxc4
Nxc4 17. Rxc4 Bc6 (17... b5 18. Rc7) 18. Nd4 $16) 15. bxc3 Na5 16. Nd4 f5 (
16... Bd7 17. N2b3 Nxb3 18. Nxb3 Rb8 19. Na5 b6 20. Nb7 $16) 17. N4b3 Nxb3 (
17... Nc6 18. Nc4 $16) 18. Nxb3 e5 19. Bd5 O-O 20. Na5 Rb8 21. Rab1 Rd8 22. c4
(22. Nc6 bxc6 23. Rxb8 cxd5 $19) 22... Kg7 23. Rd3 (23. Kf1 $5) 23... Bd7 24.
Nxb7 Bxa4 25. Ra1 Rxd5 26. Rxd5 (26. cxd5 Bb5 27. d6 Bf6 (27... Rxb7 28. dxe7
Rxe7 29. Rd2 e4 30. Ra3 $16) 28. Nc5 e4 29. Rdd1 Bxa1 30. Rxa1 Kf6 $13) 26...
Bc6 27. Na5 Bxd5 28. cxd5 Rb5 29. Nc4 (29. Nc6 Bd6 30. Rxa6 (30. Rd1 a5) 30...
Rxd5 $10) 29... Rxd5 30. Ne3 Rb5 31. Nxf5+ (31. Rxa6 e4 $10) 31... Kf6 32. Nxe7
Kxe7 33. Rxa6 h5 (33... f6 34. Ra7+ Ke6 35. Rh7 $18) 34. Rh6 e4 35. Kg2 Kf8 (
35... Re5 $5) 36. Rf6 Kg7 37. Rf4 f5 (37... Re5 38. h3 Kg6 39. g4 hxg4 40. hxg4
f6 41. Kf1 Kg5 42. e3 $22 Kg6 43. Ke2 Kg5 44. Kd2 Rd5+ 45. Kc2 Re5 46. Kc3 $18)
38. h3 Kg6 39. g4 hxg4 40. hxg4 fxg4 41. Kg3 (41. Rxe4 Kf5 42. Ra4 Rb2 43. e3
Rb1 44. Ra5+ Kf6 45. Kg3 Rg1+ 46. Kf4 Rg2) 41... e3 (41... Re5 42. Rxg4+ $6 (
42. Kxg4 Re8 (42... e3 43. f3 $22 Re8 44. Re4 $18) 43. e3 Re7 44. Kg3 Kg5 45.
Kg2 Kg6 46. Kf1 Kg5 47. Ke2 Kg6 48. Kd2 Rd7+ 49. Kc2 Re7 50. Kc3 $18) 42... Kf5
$10) 42. Rxg4+ Kf5 43. Rf4+ Kg6 (43... Ke5 44. f3 Rb3 45. Kg4 Kd5 46. Re4 Ra3
47. Kf4 $18) 44. fxe3 Rb3 45. Kf2 Kg5 46. Kf3 Ra3 47. Rf8 Ra1 48. Ke4 Ra4+ 49.
Kd5 Ra5+ 50. Kd4 Ra4+ 51. Kc5 Ra5+ (51... Re4 52. Rf3 Re8 53. Kd5 Rd8+ 54. Ke6
Re8+ 55. Kd7 Re4 56. Kd6 Re8) 52. Kb4 Ra2 (52... Re5 $5) 53. Rf2 Rc2 54. e4 Kg4
(54... Rc8 55. Rf5+ Kg4 56. Rc5 $6 (56. e3 Re8 $6 (56... Rc7 $5 57. Rf4+ Kg5
58. Rf8 Re7 59. Rf5+ Kg6 60. Rf4 Rc7) 57. Rf4+ Kg5 58. Kc5 $18) 56... Re8 57.
e5 Kf4 58. Kc3 Rxe5 59. Rxe5 Kxe5 60. Kd3 Kd5 $10) 55. e5 Kg5 (55... Rc8 56. e4
Re8 $6 (56... Kg5 $5 57. Rf5+ Kg6 58. Kb5 Rc7 59. Rf1 Kg5 60. Rf6 Rc8 $22 61.
Kb6 Rc4) 57. Rf5 Rc8 58. e6 Re8 59. Rf6 Kg5 60. e5 $18) 56. Kb5 Kg6 $2 (56...
Rc8 $5 57. e4 Re8 $6 (57... Kg6 $5 58. Rf6+ Kg5 59. Rf5+ Kg6) 58. Rf5+ $18) 57.
e6 Rc8 58. Rf3 Kg7 (58... Re8 59. Re3 Kf5 60. e7 Kf4 61. Rf3+ Ke5 62. Kc6 Rxe7
63. Re3+ Kf6 64. Rxe7 Kxe7 65. Kd5 $18) (58... Kg7 59. e7 Re8 60. Re3 Kf7 61.
Kc6 Rxe7 62. Rxe7+ Kxe7 63. Kd5 $18) 1-0

[Event "RUS-Cup2"]
[Site "Moscow"]
[Date "1996.??.??"]
[Round "9"]
[White "Shipov, Sergei"]
[Black "Volkov, Sergey"]
[Result "0-1"]
[WhiteElo "2535"]
[BlackElo "2485"]
[Annotator "Chekhov,V"]
[PlyCount "74"]
[EventDate "1996.11.28"]
[EventType "swiss"]
[EventRounds "9"]
[EventCountry "RUS"]
[SourceTitle "CBM 056 Extra"]
[Source "ChessBase"]
[SourceDate "1997.03.01"]
[SourceVersion "1"]
[SourceVersionDate "1997.03.01"]
[SourceQuality "1"]

1. d4 d5 2. c4 c6 3. Nf3 Nf6 4. Nc3 a6 5. g3 Bf5 (5... b5 6. cxd5 (6. c5 $5)
6... cxd5 7. Ne5 e6 8. Bg2 Bb7 $10 {Sosonko,G-Hodgson,J/Linares/0,5/10/}) 6.
Bg2 e6 7. O-O (7. Ne5 $5 Be7 8. O-O O-O 9. Qb3 b5 10. cxd5 cxd5 11. Bf4 Qb6 12.
Rfd1 Nc6 13. Na4 $1 Qb7 14. Nc5 Bxc5 15. dxc5 Rfc8 16. Rac1 Be4 17. f3 Bg6 18.
e4 $1 $16 {Nikolaidis,I-Popchev,M/Peristeri/1993/1|0/39/}) 7... h6 8. Ne5 Be7
9. Bf4 O-O 10. Qb3 b5 11. cxd5 cxd5 12. Rac1 Qb6 13. Rfd1 (13. Na4 $2 Qxd4 $19)
13... g5 $5 14. Be3 Qd6 (14... Nbd7 15. Nxd7 Nxd7 16. f4 Nf6 $22 17. fxg5 Ng4
$36) 15. f3 Nbd7 16. Nd3 Rfc8 17. a3 (17. Bf2 Bxd3 18. exd3 (18. Rxd3 b4 $19)
18... Rc6 $132) 17... Rab8 18. Nb1 (18. Bf2 Bxd3 19. Rxd3 b4 20. axb4 Qxb4 21.
Qxb4 Rxb4 22. Rc2 Nb6 $36) 18... Rc4 19. Bf2 Qc6 20. Rc3 Qb7 21. g4 (21. Nd2
Rxc3 22. bxc3 (22. Qxc3 Rc8 23. Qb3 Nb6 24. g4 Bg6 25. h4 Nc4 $15) 22... Nb6
23. h4 Nc4 $17) 21... Bh7 22. e3 a5 $17 23. Bf1 b4 $1 24. axb4 (24. Rxc4 dxc4
25. Qxc4 Qxf3 $19) 24... Bxd3 $1 (24... axb4 25. Rc2 Rbc8 26. Rcd2 $17) 25.
Bxd3 Rxb4 26. Qa3 Bd6 27. Rc2 (27. Qxa5 $4 Ra8 $19) 27... Qb6 28. Be1 (28. Rdd2
Rxd4 29. Qa2 Rb4 $19) 28... Rxd4 29. Qxa5 Rxd3 $1 30. Rxd3 Ne5 31. Qxb6 Rxb6
32. Rd1 Nxf3+ 33. Kf2 (33. Kg2 Nxh2 34. Rc8+ Kh7 35. Bc3 Nhxg4 $19) 33... Nxh2
34. Rc8+ Kh7 35. Bc3 Nhxg4+ 36. Kf3 e5 37. Nd2 Kg6 0-1

[Event "Orel"]
[Site "Orel"]
[Date "1995.??.??"]
[Round "4"]
[White "Dyachkov, Sergej"]
[Black "Chekhov, Valery A"]
[Result "1/2-1/2"]
[WhiteElo "2490"]
[BlackElo "2500"]
[Annotator "Chekhov,V"]
[PlyCount "95"]
[EventDate "1995.??.??"]
[EventType "tourn"]
[EventRounds "9"]
[EventCountry "RUS"]
[EventCategory "10"]
[SourceTitle "CBM 048"]
[Source "ChessBase"]
[SourceDate "1995.10.01"]
[SourceVersion "1"]
[SourceVersionDate "1995.10.01"]
[SourceQuality "1"]

1. d4 d5 2. c4 c6 3. Nf3 Nf6 4. Nc3 a6 5. e3 (5. Ne5 $5 g6 6. Bf4 Bg7 7. e3 O-O
(7... Nh5 8. cxd5 $1 Nxf4 9. exf4 cxd5 10. Qa4+) 8. Be2 Nbd7 9. O-O Nxe5 10.
Bxe5 Be6 11. cxd5 $5 $16 {Mochalov,E-Chekhov,V/Orel/1995/}) (5. c5 $5) 5... b5
(5... c5 $5) 6. cxd5 (6. b3 Bg4 7. Be2 Nbd7 $5 8. O-O e6 $10) 6... cxd5 7. Bd2
e6 8. Ne5 (8. Bd3 $6 Nbd7 9. O-O Bb7 10. Ne2 Ne4 11. a4 b4 12. a5 Bd6 13. Qa4
Nxd2 14. Nxd2 $16 {Gurevich,M-Bareev,E/GER/1992/1:0/80/}) 8... Nbd7 9. Rc1 Nxe5
$1 (9... Bd6 $6 10. Nc6 $3 Qb6 11. a4 Bb7 12. axb5 axb5 13. Nxb5 Bxc6 14. Nxd6+
Ke7 15. Bb5 $1 Bxb5 16. Bb4 Kd8 17. Nxf7+ Ke8 18. Nd6+ Kd8 19. f3 $1 $16 {
Dreev,A/Rausis,I/Luzern/1993/1:0/101/}) 10. dxe5 Nd7 11. f4 (11. Bxb5 $2 axb5
12. Nxb5 Bc5 13. b4 Ba6 14. Rxc5 Nxc5 15. Nd6+ Qxd6 $1 16. exd6 Nd3+ $19) 11...
Nc5 $6 (11... Bb7 $1 12. Ne2 Nc5 13. Nd4 Ne4 14. g3 Qb6 15. Bg2 Bc5 $17) 12. b4
Ne4 13. Nxe4 dxe4 14. a4 Qd5 15. axb5 axb5 16. Be2 Bd7 17. Kf2 $5 Be7 18. Bc3
Qb7 $1 19. Qd2 O-O 20. Bd4 $14 Rfc8 21. Rxc8+ Rxc8 22. Ra1 Qd5 23. Qb2 Kf8 $6 (
23... g6 $5) 24. Rd1 $1 Qb7 25. Bc5 $16 Bxc5 $6 (25... Bc6 $5 26. Bxe7+ Kxe7
27. Rd6 Bd5 28. Qd4 Bc4) 26. bxc5 b4 $6 (26... Bc6 $5 27. Qb4 $16) 27. Qd4 Bc6
28. Ra1 $1 $18 Ra8 $8 (28... Rb8 29. Qd6+ Kg8 30. Ba6 Qa8 31. Bb5 $18) 29.
Rxa8+ Qxa8 30. Qxb4 g6 $1 31. Qb6 (31. g4 Qa2 $1) 31... h5 32. g3 $6 (32. h4 $1
Kg7 33. Ba6 Qe8 34. Qc7 $18) 32... Kg7 33. h4 Qe8 (33... Qa4 $4 34. Qa6 $18)
34. Qc7 Qa8 35. Qb6 Qe8 36. Qb4 Qa8 37. Qb2 $6 (37. Bc4 $5) 37... Qa4 38. Kg2
Qa5 39. Qc2 Qe1 40. Qd1 Qc3 41. Qd4 Qc2 42. Qc4 Qd2 43. Kf2 Bd5 44. Qd4 Qc2 45.
Ke1 Qc1+ 46. Kf2 (46. Bd1 Bc6 $10) 46... Qc2 47. Qb4 Kh7 48. Qd4 (48. Qb5 $5
Kg7 49. c6 Qc3 $1 (49... Bxc6 50. Qc4 $5 Qxc4 51. Bxc4 $16) 50. Qb6 Bxc6)
1/2-1/2

[Event "Ciocaltea Memorial"]
[Site "Bucharest"]
[Date "1993.??.??"]
[Round "?"]
[White "Neverov, Valeriy"]
[Black "Rogozenco, Dorian"]
[Result "1-0"]
[WhiteElo "2550"]
[BlackElo "2480"]
[Annotator "Chekhov,V"]
[PlyCount "122"]
[EventDate "1993.02.??"]
[EventType "tourn"]
[EventRounds "15"]
[EventCountry "ROU"]
[EventCategory "10"]
[SourceTitle "CBM 034"]
[Source "ChessBase"]
[SourceDate "1993.06.01"]
[SourceVersion "1"]
[SourceVersionDate "1993.06.01"]
[SourceQuality "1"]

1. Nf3 Nf6 2. c4 c6 3. d4 d5 4. Nc3 a6 5. e3 b5 6. b3 Bg4 (6... g6 7. Be2 Bg7
8. O-O O-O 9. Ne5 $1 Bb7 10. f4 Qd6 11. Bf3 Nbd7 12. Qe2 Rab8 13. g4 $1 $16 {
Gelfand,B-Hort,V/Novi Sad ol/1990/}) (6... Bf5 7. Ne5 e6 8. g4 Bg6 9. h4 Ne4
10. Nxe4 Bxe4 11. f3 f6 12. Nxc6 Nxc6 13. fxe4 dxe4 14. Qc2 $14 {
Topalov-Popchev/Bulgaria-ch/1992/}) (6... e6 7. Bd3 Nbd7 8. O-O Be7 9. Qc2 O-O
10. e4 bxc4 11. bxc4 dxe4 12. Nxe4 c5 $1 13. Nxf6+ Nxf6 14. dxc5 Qc7 15. Bb2
$14 {Cvitan,O-Khmelnitsky/Sibenik/1990/}) 7. Be2 (7. h3 Bxf3 8. Qxf3 bxc4 9.
bxc4 e5 10. Rb1 Qa5 $5 (10... Nbd7 11. Bd2 Qe7 12. Be2 Qe6 13. cxd5 cxd5 14. e4
$1 exd4 15. Nxd5 Rc8 16. Nxf6+ Nxf6 17. O-O Be7 18. e5 $1 $16 {Chernin,
A-Gavrikov,V/Tilburg/1992/}) 11. Qf5 Nbd7 12. Bd2 Bb4 13. Qc2 O-O 14. Bd3 exd4
15. exd4 Rfe8+ $10 {Gleizerov-Berezjuk/Katowice/1992/}) 7... Nbd7 (7... e6 8.
Ne5 $1 Bxe2 9. Qxe2 Bd6 10. Bb2 O-O 11. O-O Qc7 12. Rac1 Qb7 13. a4 b4 14. Nb1
Nbd7 15. Nd2 $14 {Ligterink-Cuijpers/Hilversum/1988/}) 8. O-O e6 9. h3 Bh5 (
9... Bxf3 10. Bxf3 $14) 10. Ne5 $1 $146 (10. Nd2 Bg6 11. a4 b4 12. Na2 a5 13.
Bb2 Bd6 14. Nc1 O-O 15. Nd3 Ne4 $10 {Schmidt-Berezjuk/Katowice/1992/}) 10...
Bxe2 11. Nxe2 $5 Qc7 (11... Nxe5 12. dxe5 Nd7 13. cxd5 $1 cxd5 14. Bb2 Bc5 15.
Nf4 O-O 16. Qg4 $16 {Belov-Zapolskis/Karvina/1993/}) 12. Bb2 Bd6 $142 $6 (12...
Nxe5 13. dxe5 Nd7 14. cxd5 cxd5 15. Rc1 Qb7 16. Qc2 Bc5 $14) 13. cxd5 cxd5 14.
Rc1 Qb7 15. Qc2 O-O 16. Qc6 Qxc6 17. Rxc6 $16 Bb4 18. Rfc1 Rfb8 19. Nf4 Nxe5 $6
(19... Bf8 20. Nfd3 g6) 20. dxe5 Ne8 21. Nd3 Be7 22. f4 g6 23. g4 Ng7 24. Bd4
a5 25. Kf2 Kf8 26. Ke2 Ne8 $142 $6 (26... Ke8) 27. f5 $1 gxf5 28. gxf5 exf5 29.
Nc5 $1 Bxc5 (29... Rd8 30. e6 $18) 30. Bxc5+ Kg7 31. Rg1+ Kh8 32. Bd4 $18 Rb7
33. e6+ f6 34. Rg5 h6 35. Rxf5 Kg7 (35... Rd8 36. Rxf6 $18) 36. Rxd5 Kg6 37.
Rd7 Rbb8 (37... Rab8 38. e4) 38. e4 Rc8 39. Rxc8 Rxc8 40. Be3 Rc2+ 41. Rd2 Rc6
42. e7 Rc7 (42... Re6 43. Rd5) 43. Rd5 Rxe7 44. Rxb5 Rxe4 45. Rxa5 Rh4 46. Ra8
Ng7 47. a4 Rxh3 48. b4 Kf5 49. a5 Ne6 50. a6 Ke4 51. Bb6 Rh2+ 52. Kf1 Rh1+ 53.
Kg2 Ra1 54. Re8 Ra2+ 55. Kg3 Ra3+ 56. Kf2 Ra2+ 57. Kg3 Ra3+ 58. Kf2 Ra2+ 59.
Ke1 Rxa6 60. Rxe6+ Kf5 61. Rc6 Ra4 1-0

[Event "POL-chT 51st"]
[Site "Lubniewice"]
[Date "1995.??.??"]
[Round "9"]
[White "Ivanov, Sergey"]
[Black "Chekhov, Valery A"]
[Result "1-0"]
[WhiteElo "2545"]
[BlackElo "2500"]
[Annotator "Chekhov,V"]
[PlyCount "61"]
[EventDate "1995.09.14"]
[EventType "team-tourn"]
[EventRounds "11"]
[EventCountry "POL"]
[SourceTitle "EXT 1997"]
[Source "ChessBase"]
[SourceDate "1996.11.15"]
[SourceVersion "1"]
[SourceVersionDate "1996.11.15"]
[SourceQuality "1"]
[WhiteTeam "Bielsko-Biala Wlokniarz"]
[BlackTeam "Zabrze Gornik"]
[WhiteTeamCountry "POL"]
[BlackTeamCountry "POL"]

1. d4 d5 2. c4 c6 3. Nf3 Nf6 4. Nc3 a6 5. Bg5 Ne4 6. h4 b5 (6... Nxc3 $5 7.
bxc3 dxc4 8. e4 (8. g3 $5 Be6 9. Bg2 Nd7 10. a4 Bd5 11. a5 f6 12. Bf4 e5 13.
dxe5 fxe5 14. Be3 Bc5 15. Qd2 O-O 16. O-O Qe7 $146 {Lutz,C-Bologan,V/GER/1993/
1|0/49/}) 8... b5 9. Ne5 Qa5 10. Bd2 e6 11. Rh3 Nd7 12. Nxd7 Bxd7 13. Qh5 O-O-O
14. Rg3 f6 15. a4 g6 16. Qd1 Qb6 $132 {Lobron,E-Magem,B/Moscow/1994/0,5/34/}) (
6... Nxg5 $6 7. hxg5 g6 8. e3 Bg7 9. Ne5 O-O 10. Qf3 f6 11. gxf6 exf6 12. Nd3
dxc4 13. Nc5 b5 14. a4 Qa5 15. Ra2 b4 16. Bxc4+ Kh8 17. Nb3 $16 {Lobron,
E-Tischbierek,R/GER/1995/1|0/41/}) 7. cxd5 cxd5 8. e3 Qa5 $5 {/N/} (8... Bf5 9.
a4 Nxg5 10. hxg5 b4 11. Ne2 e6 12. Nf4 Nd7 13. Bd3 Bxd3 14. Qxd3 g6 15. Rc1 Be7
16. Rc6 $36 {Lobron,E-Van Der Wiel,J/Amsterdam/1995/1|0/27/}) 9. Bd3 $1 (9. Qb3
Nxc3 10. bxc3 Bb7 11. Bd3 Nd7 12. O-O Rc8 13. Rac1 e6 14. Rfe1 Ba3 15. Rc2 h6
16. Bf4 O-O $15) 9... Nxc3 10. Qd2 (10. bxc3 $5 Qxc3+ 11. Ke2 Bb7 12. Rc1 Qa5
13. Qc2 (13. Qb3 $5 e6 14. Rc2 $44) 13... Nc6 $13) 10... b4 11. bxc3 bxc3 12.
Qc2 Bd7 13. O-O Ba4 14. Qe2 Nc6 15. a3 (15. e4 e6 $6 (15... Nb4 16. exd5 Nxd5 (
16... Nxd3 17. Qxd3 Bb5 18. Qe4 Bxf1 19. d6 $40) 17. Rfe1 e6 $13) 16. exd5 Qxd5
17. Be4 Qa5 18. d5 $40) 15... h6 (15... e6 $5 16. e4 h6 17. Bf4 (17. exd5 hxg5
18. dxc6 Bxc6 $132) 17... Be7 18. exd5 Qxd5 19. Be4 Qa5 $13) 16. Bf4 e6 17.
Rfb1 $1 (17. e4 Be7) 17... Be7 18. Rb7 Qd8 $2 (18... Rc8 $5 19. Ne5 (19. e4 $6
O-O 20. exd5 Qxd5 21. Be4 Nxd4 22. Nxd4 Qxd4 23. Rxe7 c2 24. Rc1 Qf6 25. Bd6
Rfd8 $36) 19... Nd8 $1 20. Ra7 Bb5 21. Rxa6 Bxa6 22. Bxa6 Ra8 23. Bb5+ Kf8 24.
a4 $44) 19. Rc1 Ra7 (19... Bxa3 20. Rxc3 Be7 21. Bxa6 O-O 22. Bb5 Bxb5 23. Qxb5
$16) (19... O-O 20. Rxc3 $16) 20. Rxa7 Nxa7 21. Rxc3 Nb5 22. Rc6 $1 Qa8 23. Rb6
O-O 24. Ne5 $18 Qa7 25. Bxh6 $1 Qxb6 (25... gxh6 26. Qg4+ Kh8 27. Qh5 Kg7 28.
Rxe6 $18) 26. Qg4 Bf6 27. Nd7 Qd8 28. Nxf6+ Qxf6 29. Bg5 Qxg5 30. Qxg5 Nxa3 31.
h5 1-0

[Event "Moscow Alekhine op"]
[Site "Moscow"]
[Date "1996.??.??"]
[Round "?"]
[White "Chekhov, Valery A"]
[Black "Volkov, Sergey"]
[Result "1-0"]
[WhiteElo "2505"]
[BlackElo "2460"]
[Annotator "ChessBase"]
[PlyCount "67"]
[EventDate "1996.??.??"]
[EventType "swiss"]
[EventRounds "9"]
[EventCountry "RUS"]
[SourceTitle "EXT 1999"]
[Source "ChessBase"]
[SourceDate "1998.11.16"]
[SourceVersion "1"]
[SourceVersionDate "1998.11.16"]
[SourceQuality "1"]

1. d4 d5 2. c4 c6 3. Nf3 Nf6 4. Nc3 a6 5. e3 b5 6. b3 Bg4 7. Be2 e6 8. O-O Nbd7
9. Bb2 Bd6 10. Ne5 Bxe2 11. Nxe2 bxc4 12. bxc4 Qb8 13. Qc2 $5 Nxe5 14. dxe5
Bxe5 15. Bxe5 Qxe5 16. cxd5 cxd5 (16... Qxd5) 17. Qc6+ Ke7 18. Qb7+ Nd7 19. Nd4
Qd6 20. Nc6+ Kf6 21. f4 $1 Rac8 22. Rac1 Rhf8 23. g4 $1 h6 24. Ne5 (24. h4 $5)
24... Nc5 25. g5+ $1 hxg5 (25... Kf5 26. Qb1+ Ne4 27. Rxc8 Rxc8 28. Qd1 $18)
26. fxg5+ Kxe5 27. Qb2+ d4 28. Rcd1 $1 Na4 29. Qf2 $1 (29. exd4+ Kd5 30. Qb3+
Kc6 31. Qxa4+ Kb7 $132) 29... Qe7 (29... Rc4 30. exd4+ Qxd4 (30... Rxd4 31.
Rfe1+ $18) (30... Kd5 31. Qf3#) 31. Rxd4 Rxd4 32. Re1+ Kd5 33. Qe2 $18) 30.
Qf4+ Kd5 31. Rxd4+ Kc6 32. Rxa4 Kb7 33. Rb1+ Ka7 34. Rxa6+ $1 1-0

[Event "Paris FIDE GP"]
[Site "Elancourt"]
[Date "2013.10.02"]
[Round "9"]
[White "Gelfand, Boris"]
[Black "Ivanchuk, Vassily"]
[Result "1/2-1/2"]
[WhiteElo "2764"]
[BlackElo "2731"]
[Annotator "ChessBase Website"]
[PlyCount "60"]
[EventDate "2013.09.22"]
[EventType "tourn"]
[EventRounds "11"]
[EventCountry "FRA"]
[EventCategory "20"]
[SourceTitle "CBM 157"]
[Source "ChessBase"]
[SourceDate "2013.11.12"]
[SourceVersion "1"]
[SourceVersionDate "2013.11.12"]
[SourceQuality "1"]
[TimeControl "40/7200:20/3600:900+30"]
[WhiteClock "2:00:00"]
[BlackClock "2:00:00"]

1. d4 {[%emt 0:00:02]} d5 {[%emt 0:00:05]} 2. c4 {[%emt 0:00:03]} c6 {[%emt 0:
00:03]} 3. Nf3 {[%emt 0:00:08]} Nf6 {[%emt 0:00:06]} 4. e3 {[%emt 0:00:11]} a6
{[%emt 0:00:24] The Chebanenko or ...a6 Slav continues to be very solid;
Ivanchuk obtained a good position from the opening although it would be hard
for either side to make progress because of the locked situation in the center.
} 5. Nc3 {[%emt 0:01:19]} b5 {[%emt 0:00:20]} 6. c5 {[%emt 0:00:46]} g6 {
[%emt 0:00:42]} 7. Ne5 {[%emt 0:00:55]} Bg7 {[%emt 0:00:32]} 8. f4 {[%emt 0:01:
29]} a5 {[%emt 0:01:47]} 9. Be2 {[%emt 0:00:39]} h5 {[%emt 0:00:27]} 10. O-O {
[%emt 0:01:48]} Bf5 {[%emt 0:01:17]} 11. Bf3 {[%emt 0:18:02]} Qc7 {[%emt 0:26:
20]} 12. Nd3 $146 {[%emt 0:02:38]} (12. h3 Nbd7 13. Bd2 Ne4 14. Bxe4 dxe4 15.
a4 b4 16. Ne2 Nf6 17. Ng3 Nd5 18. Nc4 h4 19. Nxf5 gxf5 20. Rc1 Bf6 21. Qe2 e6
22. Kh1 Ke7 23. Be1 Rag8 24. Rg1 Rg6 25. Bf2 Qa7 26. Nd6 Kf8 27. Nc8 Qb7 28.
Nd6 Qa8 29. Rcd1 Bd8 30. Qe1 Bc7 31. Rc1 Rgh6 32. Qe2 Ke7 33. Nc4 Kd7 34. Rc2
Rg8 35. Rgc1 Qb7 36. Qe1 Rgh8 37. Qe2 R6h7 38. Qe1 f6 39. Qf1 Rg8 40. Qe1 b3
41. Re2 Nb4 {Rozum,I (2473)-Malakhov,V (2709) Loo 2013 1/2-1/2}) 12... Nbd7 {
[%emt 0:05:45]} 13. Nf2 {[%emt 0:01:08]} e6 {[%emt 0:00:10]} 14. Bd2 {[%emt 0:
03:12]} Ke7 $5 {[%emt 0:04:03] Ivanchuk's 14...Ke7!? was bizarre but by no
means a bad move as it highlighted that the game was indeed not going to be
opened up any time soon. Actually, the game never opened up, and the players
agreed to a draw in a position where all the pawns had survived but none of
the minor pieces remained on the board.} 15. Be1 {[%emt 0:09:05]} a4 {[%emt 0:
03:58]} 16. Nd3 {[%emt 0:32:21]} Ng4 {[%emt 0:02:29]} 17. Bxg4 {[%emt 0:02:25]}
Bxd3 {[%emt 0:04:26]} 18. Be2 {[%emt 0:07:03]} Bxe2 {[%emt 0:08:20]} 19. Nxe2 {
[%emt 0:01:58]} Kf8 {[%emt 0:03:00]} 20. Bh4 {[%emt 0:04:16]} Bf6 {[%emt 0:00:
07]} 21. Bxf6 {[%emt 0:01:24]} Nxf6 {[%emt 0:00:12]} 22. Nc1 {[%emt 0:00:02]}
Kg7 {[%emt 0:00:39]} 23. Nd3 {[%emt 0:01:28]} Ne4 {[%emt 0:00:31]} 24. Nf2 {
[%emt 0:00:43]} Nxf2 {[%emt 0:01:32]} 25. Rxf2 {[%emt 0:00:08]} f5 {[%emt 0:00:
03]} 26. h4 {[%emt 0:00:30]} Qe7 {[%emt 0:00:07]} 27. g3 {[%emt 0:00:03]} Ra6 {
[%emt 0:00:03]} 28. Qe1 {[%emt 0:00:41]} Rha8 {[%emt 0:00:22]} 29. Rc1 {
[%emt 0:00:11]} Qd8 {[%emt 0:00:12]} 30. Kg2 {[%emt 0:00:13]} Qa5 {[%emt 0:00:
12]} 1/2-1/2